=LDR 00000nam 2200000 4500 =001 INLIS000000000026076 =005 20130612124535 =008 ***********************************Ind** =035 ##$$0010-061300000026076 =041 ##$$a Ind =082 ##$$a 812 =090 ##$$a 812, Sai k =100 ##$$a Saini =245 ##$$a Ken arok, Sebuah sandiwara dalam 14 babak, Saini =260 ##$$a 1990 $b Jakarta =300 ##$$a 102 hlm, 21 cm =650 ##$$a Drama =850 ##$$a NBPNMAT =990 ##$$a 1157111571